A field guide to reptiles and amphibians of Eastern and Central North America / (Record no. 13284)
[ view plain ]
| 000 -LEADER | |
|---|---|
| fixed length control field | 01297cam a2200337 4500 |
| 001 - CONTROL NUMBER | |
| control field | 13284 |
| 003 - CONTROL NUMBER IDENTIFIER | |
| rucl marc code | BD-RjUL |
| 005 - DATE AND TIME OF LATEST TRANSACTION | |
| control field | 20211208235430.0 |
| 008 - FIXED-LENGTH DATA ELEMENTS--GENERAL INFORMATION | |
| fixed length control field | 140130s1975 mauaf b 001 0 eng d |
| 020 ## - INTERNATIONAL STANDARD BOOK NUMBER | |
| International Standard Book Number | 0395199794 |
| International Standard Book Number | 0395199778 (pbk.) |
| 035 ## - SYSTEM CONTROL NUMBER | |
| System control number | (BD-RjUL)13335 |
| 040 ## - CATALOGING SOURCE | |
| Original cataloging agency | DLC |
| Transcribing agency | DLC |
| Modifying agency | DLC |
| -- | (BD-RjUL) |
| Language of cataloging | eng |
| 041 ## - LANGUAGE CODE | |
| Language code of text/sound track or separate title | eng |
| 082 00 - DEWEY DECIMAL CLASSIFICATION NUMBER | |
| Classification number | 597.6097 |
| Edition number | 20 |
| Author mark and year | COF 1975 |
| 100 1# - MAIN ENTRY--PERSONAL NAME | |
| Personal name | Conant, Roger, |
| Dates associated with a name | 1909- |
| 9 (RLIN) | 41367 |
| 245 12 - TITLE STATEMENT | |
| Title | A field guide to reptiles and amphibians of Eastern and Central North America / |
| Statement of responsibility, etc. | Illustrated by Isabelle Hunt Conant. |
| 250 ## - EDITION STATEMENT | |
| Edition statement | 2d ed. |
| 260 ## - PUBLICATION, DISTRIBUTION, ETC. (IMPRINT) | |
| Place of publication, distribution, etc. | Boston : |
| Name of publisher, distributor, etc. | Houghton Mifflin, |
| Date of publication, distribution, etc. | 1975. |
| 300 ## - PHYSICAL DESCRIPTION | |
| Pagination | xviii, 429 p. : |
| Illustrations | illus., 48 plates (part col.) ; |
| Size | 19 cm. |
| 490 0# - SERIES STATEMENT | |
| Series statement | The Peterson field guide series, 12 |
| 500 ## - GENERAL NOTE | |
| General note | First published in 1958 under title: A field guide to reptiles and amphibians of the United States and Canada east of the 100th meridian. |
| 504 ## - BIBLIOGRAPHY, ETC. NOTE | |
| Bibliography, etc | Includes Bibliography: p. 354-361. and Index |
| 650 #0 - SUBJECT ADDED ENTRY--TOPICAL TERM | |
| Topical term or geographic name as entry element | Reptiles |
| Geographic subdivision | United States |
| General subdivision | Identification. |
| 9 (RLIN) | 41368 |
| Topical term or geographic name as entry element | Amphibians |
| Geographic subdivision | United States |
| General subdivision | Identification. |
| 9 (RLIN) | 41369 |
| Topical term or geographic name as entry element | Reptiles |
| Geographic subdivision | Canada |
| General subdivision | Identification. |
| 9 (RLIN) | 41370 |
| Topical term or geographic name as entry element | Amphibians |
| Geographic subdivision | Canada |
| General subdivision | Identification. |
| 9 (RLIN) | 41371 |
| 942 ## - ADDED ENTRY ELEMENTS (KOHA) | |
| Source of classification or shelving scheme | Dewey Decimal Classification |
| Koha item type | Books |
| Lost status | Source of classification or shelving scheme | Damaged status | Not for loan | Collection code | Permanent Location | Current Location | Shelving location | Date acquired | Source of acquisition | Cost, normal purchase price | Total Checkouts | Full call number | Date last seen | Copy number | Koha item type |
|---|---|---|---|---|---|---|---|---|---|---|---|---|---|---|---|
| Dewey Decimal Classification | Not For Loan | Non-fiction | Central Library, University of Rajshahi | Central Library, University of Rajshahi | Reading Room | 09/06/1988 | Manik Brothers | 10.59 | 597.6097 COF 1975 | 30/01/2014 | C-1 | Books |